Conceptos bioquímicos

Збережено в:
Бібліографічні деталі
Автор: McGilvery, Robert W. (autor)
Формат: Книга
Мова:Іспанська
Опубліковано: Barcelona Reverté 1977
Предмети:
Теги: Додати тег
Немає тегів, Будьте першим, хто поставить тег для цього запису!

MARC

LEADER 00000nam a2200000 a 4500
001 UCT4057
003 CL-VaPUC
008 961108e19770000SP |||||||||||||||||spa|d
082 0 4 |a 572  |b MCG  |2 21 
100 |a McGilvery, Robert W.  |e autor  |9 373159 
245 1 0 |a Conceptos bioquímicos 
300 |a 594 p 
942 |c BK 
945 |d 19961108 00:00:00  |a cmena 
260 |a Barcelona  |b Reverté  |c 1977 
650 0 |a Bioquímica   |9 259492 
650 7 |a PROTEINAS  |2 CL-VaPUC  |9 373160 
650 0 |a Genética  |9 259443 
650 0 |a Metabolismo  |9 259893 
650 0 |a Enzimas  |9 262984 
650 0 |a Vitaminas  |9 343802 
650 0 |a Reacciones químicas  |9 259438 
650 0 |a Energía   |9 259431 
650 0 |a Física   |9 227844 
650 7 |a GLUCOLISIS  |2 CL-VaPUC  |9 370915 
650 7 |a FENOMENOS BIOQUIMICOS  |2 CL-VaPUC  |9 360969 
650 0 |a Fermentación  |9 259565 
650 0 |a Biotecnología   |9 259561 
583 |a last modification  |c 19961108 00:00:00  |k Rodrigo Vera 
999 |c 253513  |d 253511 
952 |0 0  |1 0  |4 0  |6 572_000000000000000_MCG_1977  |7 0  |8 A  |9 274398  |a BIBCUR  |b BIBCUR  |d 2019-11-19  |i 1785249  |l 3  |o 572 MCG 1977  |p 1785249  |r 2025-05-05  |s 2025-05-05  |w 2019-11-19  |y BK  |k QUI